| 000 | 00491nam a22001937a 4500 | ||
|---|---|---|---|
| 003 | MPLRDC | ||
| 005 | 20220104163809.0 | ||
| 008 | 210129b ||||| |||| 00| 0 eng d | ||
| 020 | _a0-19-282960-2 | ||
| 082 | _a873.57 RIC | ||
| 100 | _aSAMUEL RICHARDSON | ||
| 245 |
_aPAMELA _c |
||
| 250 | _aOXFORD WORLD'S CLASSICS 1ST ED. | ||
| 260 |
_aU.S.A. _bOXFORD UNIVERSITY PRESS _c2001 |
||
| 300 | _b546 | ||
| 490 | _aOXFORD WORLD'S CLASSICS | ||
| 650 | _aFICTION | ||
| 942 |
_cBK _o873.57 RIC |
||
| 999 |
_c56648 _d56638 |
||